| 000 | 00668nam a22002537a 4500 | ||
|---|---|---|---|
| 001 | 132724 | ||
| 003 | UA-OsUOA | ||
| 005 | 20211110215521.0 | ||
| 007 | ta | ||
| 008 | 20180831b un ||||| |||| 00| 0 ukr d | ||
| 020 | _a978-966-8910-87-6 | ||
| 040 |
_aUA-OsUOA _bukr _cUA-OsUOA _dUA-OsUOA |
||
| 041 | _aukr | ||
| 080 | _a94(47+57) | ||
| 090 |
_a94(47+57) _bБ83 |
||
| 100 | _aБорщевський С. | ||
| 245 | _aРік російської міфології | ||
| 260 |
_aК. _bДуліби _c2016 |
||
| 300 | _a288 с. | ||
| 650 | 7 |
_a94 Історія _2UDC |
|
| 942 |
_cBK _2udc |
||
| 955 | _a1 | ||
| 999 |
_c421218 _d421218 |
||